[Event "Gothenburg op"]
[Site "Gothenburg"]
[Date "2018.08.17"]
[Round "1"]
[White "Vu, Melvin"]
[Black "Maddens, Martijn"]
[Result "0-1"]
[WhiteElo "1788"]
[BlackElo "2141"]
[PlyCount "78"]
[EventDate "2018.08.17"]
[EventType "swiss"]
[EventRounds "8"]
[EventCountry "SWE"]
[SourceTitle "CBM 186 Extra"]
[Source "ChessBase"]
[SourceDate "2018.08.24"]
[SourceVersion "1"]
[SourceVersionDate "2018.08.24"]
[SourceQuality "1"]

1. e4 c5 2. d4 cxd4 3. c3 Nf6 4. e5 Nd5 5. Nf3 e6 6. cxd4 d6 7. Bb5+ Bd7 8. Bxd7+ Nxd7 9. 0-0 Be7 10. Nc3 Nxc3 11. bxc3 dxe5 12. dxe5 Qc7 13. Bf4 0-0 14. Rc1 Rfd8 15. Qe2 Nb6 16. c4 Rac8 17. Be3 Bc5 18. Bxc5 Qxc5 19. Nd2 Nd7 20. Rfe1 Qa3 21. Nb3 a5 22. h3 a4 23. Nd4 Qc5 24. Nb5 Rc6 25. Red1 Qe7 26. Nd4 Rc5 27. f4 h6 28. Qe4 Nb6 29. Qe2 Rdc8 30. Nb5 Rxc4 31. Rxc4 Nxc4 32. Nd6 Nxd6 33. exd6 Qd7 34. Qe5 f6 35. Qa5 Kf7 36. Kh2 b5 37. Qd2 Rc6 38. Qd3 Rb6 39. a3 b4 0-1